Southville International School and Colleges
Your cart is empty.
  • Cart
  • Lists
    Public lists Eva Luna New books Lux_list list_1
    Your lists Log in to create your own lists
  • Log in to your account
  • Your cookies
  • Search history
Southville International School and Colleges
  • Advanced search
  • Recent comments
  • Most popular
  • Libraries

Log in to your account

Log in with GOOGLE


If you do not have an external account, but do have a local account, you can still log in:

  1. Home
  2. MARC view: Ultimate aptitude tests :
Normal view MARC view ISBD view

Ultimate aptitude tests : (Record no. 339612)

[ view plain ]
MARC details
000 -LEADER
fixed length control field 00727nam a2200277Ia 4500
008 - FIXED-LENGTH DATA ELEMENTS--GENERAL INFORMATION
fixed length control field 170711s9999 xx 000 0 und d
020 ## - INTERNATIONAL STANDARD BOOK NUMBER
International Standard Book Number 9780749452674
050 ## - LIBRARY OF CONGRESS CALL NUMBER
Classification number 153.9
050 ## - LIBRARY OF CONGRESS CALL NUMBER
Item number B274 2008
100 ## - MAIN ENTRY--PERSONAL NAME
Personal name Barrett, Jim
245 ## - TITLE STATEMENT
Title Ultimate aptitude tests :
245 ## - TITLE STATEMENT
Remainder of title assess your potential with aptitude, motivational and personality tests /
245 ## - TITLE STATEMENT
Statement of responsibility, etc by Jim Barrett.
260 ## - PUBLICATION, DISTRIBUTION, ETC. (IMPRINT)
Place of publication, distribution, etc London :
260 ## - PUBLICATION, DISTRIBUTION, ETC. (IMPRINT)
Name of publisher, distributor, etc Kogan Page,
260 ## - PUBLICATION, DISTRIBUTION, ETC. (IMPRINT)
Date of publication, distribution, etc 2008
300 ## - PHYSICAL DESCRIPTION
Extent vi, 201 pages :
300 ## - PHYSICAL DESCRIPTION
Other physical details illustrations ;
300 ## - PHYSICAL DESCRIPTION
Dimensions 23cm.
650 ## - SUBJECT ADDED ENTRY--TOPICAL TERM
Topical term or geographic name as entry element Ability --
650 ## - SUBJECT ADDED ENTRY--TOPICAL TERM
Topical term or geographic name as entry element Occupational aptitude tests.
650 ## - SUBJECT ADDED ENTRY--TOPICAL TERM
Topical term or geographic name as entry element Vocational interests --
650 ## - SUBJECT ADDED ENTRY--TOPICAL TERM
General subdivision Testing.
650 ## - SUBJECT ADDED ENTRY--TOPICAL TERM
General subdivision Testing.
700 ## - ADDED ENTRY--PERSONAL NAME
Personal name Title.

No items available.

Ultimate aptitude tests :

APA

Barrett J., Title, .Ultimate aptitude tests. London: .

Chicago

Barrett Jim, Title, .Ultimate aptitude tests. London: .

Harvard

Barrett J., Title, .Ultimate aptitude tests. London: .

MLA

Barrett Jim, Title, .London: . .

  • Print
  • Cite
  • Add to your cart (remove)
  • Save record
    BIBTEX Dublin Core MARCXML MARC (non-Unicode/MARC-8) MARC (Unicode/UTF-8) MARC (Unicode/UTF-8, Standard) MODS (XML) RIS
  • More searches
    Search for this title in:
    Other Libraries (WorldCat) Other Databases (Google Scholar) Online Stores (Bookfinder.com) Open Library (openlibrary.org)

Exporting to Dublin Core...

SOUTHVILLE LIBRARY

Southville International School and Colleges Library

1281 Tropical Ave. Cor. Luxembourg St., BF Homes International, Las Pinas City

Tel. No. 8256374 / 252358 Loc. 117/146

Powered by Koha